El duelo / (Record no. 185291)
[ view plain ]
| 000 -LEADER | |
|---|---|
| campo de control de longitud fija | 01250nam a2200313 i 4500 |
| 001 - NÚMERO DE CONTROL | |
| campo de control | 185291 |
| 003 - IDENTIFICADOR DE NÚMERO DE CONTROL | |
| campo de control | SpMaBN |
| 005 - FECHA Y HORA DE LA ÚLTIMA TRANSACCIÓN | |
| campo de control | 20250623063023.0 |
| 008 - DATOS DE LONGITUD FIJA--INFORMACIÓN GENERAL | |
| campo de control de longitud fija | 160509s2015 sp |||| | spa d |
| 020 ## - NÚMERO INTERNACIONAL ESTÁNDAR DEL LIBRO | |
| Número Internacional Estándar del Libro | 978-84-16536-05-4 |
| 080 ## - NÚMERO DE LA CLASIFICACIÓN DECIMAL UNIVERSAL | |
| Número de la Clasificación Decimal Universal | 821.134.2-1"19" |
| 100 1# - ENTRADA PRINCIPAL--NOMBRE DE PERSONA | |
| Nombre de persona | Ramírez Codina, Juan, |
| Fechas asociadas al nombre | 1954- |
| 9 (RLIN) | 159277 |
| 245 13 - MENCIÓN DEL TÍTULO | |
| Título | El duelo / |
| Mención de responsabilidad, etc. | Juan Ramírez Codina. |
| 250 ## - MENCION DE EDICION | |
| Mención de edición | 1ª ed. |
| Resto de la mención de edición | 500 ejemp. firmados y num. por el autor. |
| 260 ## - PUBLICACIÓN, DISTRIBUCIÓN, ETC. | |
| Lugar de publicación, distribución, etc. | Logroño : |
| Nombre del editor, distribuidor, etc. | 4 de Agosto, |
| Fecha de publicación, distribución, etc. | 2015. |
| 300 ## - DESCRIPCIÓN FÍSICA | |
| Extensión | 3 v. : |
| Otras características físicas | (guardados en estuche) ; |
| Dimensiones | 16 cm. |
| 490 1# - MENCIÓN DE SERIE | |
| Mención de serie | Planeta clandestino ; |
| Designación de volumen o secuencia | 166 |
| 505 8# - NOTA DE CONTENIDO CON FORMATO | |
| Nota de contenido con formato | Contiene: I ; |
| Título | Planteamiento (123 p.) - II ; |
| -- | Nudo (141 p.) - III ; |
| -- | Desenlace (115 p.) |
| 740 02 - ENTRADA AGREGADA--TÍTULO RELACIONADO/ANALÍTICO NO CONTROLADO | |
| Título relacionado o analítico no controlado | Planteamiento. |
| 740 02 - ENTRADA AGREGADA--TÍTULO RELACIONADO/ANALÍTICO NO CONTROLADO | |
| Título relacionado o analítico no controlado | Nudo. |
| 740 02 - ENTRADA AGREGADA--TÍTULO RELACIONADO/ANALÍTICO NO CONTROLADO | |
| Título relacionado o analítico no controlado | Desenlace. |
| 830 0# - PUNTO DE ACCESO ADICIONAL DE SERIE-TÍTULO UNIFORME | |
| Título uniforme | Planeta clandestino ; |
| Designación de volumen o secuencia | 166 |
| 9 (RLIN) | 225186 |
| 852 ## - LOCALIZACIÓN | |
| Ubicación | ES-MaACL |
| Número de control de estantería | A-13742 |
| Designación de la unidad física | v.1 |
| itemnumber | 192314 |
| Sublocalización o colección | R.150998 |
| Ubicación en estantería | Depósito 1 |
| Signatura antigua | Olim: N-6742 |
| Donativo/Legado | Donación: Daniel Pacheco |
| 852 ## - LOCALIZACIÓN | |
| Ubicación | ES-MaACL |
| Número de control de estantería | A-13743 |
| Designación de la unidad física | v.2 |
| itemnumber | 200889 |
| Sublocalización o colección | R.150998 |
| Ubicación en estantería | Depósito 1 |
| Signatura antigua | Olim: N-6743 |
| Donativo/Legado | Donación: Daniel Pacheco |
| 852 ## - LOCALIZACIÓN | |
| Ubicación | ES-MaACL |
| Número de control de estantería | A-13744 |
| Designación de la unidad física | v.3 |
| itemnumber | 200890 |
| Sublocalización o colección | R.150948 |
| Ubicación en estantería | Depósito 1 |
| Signatura antigua | Olim: N-6744 |
| Donativo/Legado | Donación: Daniel Pacheco |
| 903 ## - NOMBRE PERSONAL DE DONANTE | |
| a | Pacheco Fernández, Daniel |
| e | Donante |
| 9 | 88132 |
| 942 ## - ELEMENTOS DE ENTRADA SECUNDARIOS (KOHA) | |
| Fuente del sistema de clasificación o colocación | Clasificación decimal universal |
| Tipo de ítem Koha | Libro impreso |
| Estatus retirado | Estado de pérdida | Fuente del sistema de clasificación o colocación | Estado de daño | No para préstamo | Biblioteca de origen | Biblioteca actual | Ubicación en estantería | Fecha de adquisición | Fuente de adquisición | Enumeración/cronología de publicación seriada | Total de préstamos | Signatura topográfica completa | Código de barras | Visto por última vez | Precio de reemplazo | Tipo de ítem Koha |
|---|---|---|---|---|---|---|---|---|---|---|---|---|---|---|---|---|
| Clasificación decimal universal | Biblioteca del Ateneo de Madrid | Biblioteca del Ateneo de Madrid | Depósito 1 | 09/05/2016 | Donación | v.1 | A-13742 | 1195217 | 23/02/2023 | 23/02/2023 | Libro impreso | |||||
| Clasificación decimal universal | Biblioteca del Ateneo de Madrid | Biblioteca del Ateneo de Madrid | Depósito 1 | 09/05/2016 | Donación | v.2 | A-13743 | 101206175 | 30/11/2023 | 23/02/2023 | Libro impreso | |||||
| Clasificación decimal universal | Biblioteca del Ateneo de Madrid | Biblioteca del Ateneo de Madrid | Depósito 1 | 09/05/2016 | Donación | v.3 | A-13744 | 101206176 | 30/11/2023 | 23/02/2023 | Libro impreso |
